Circuitos de Artes Plásticas y Fotografía (Registro nro. 169027)
[ vista simple ]
| 000 -LEADER | |
|---|---|
| campo de control de longitud fija | 00947nam a22002175i 4500 |
| 001 - NÚMERO DE CONTROL | |
| campo de control | 169027 |
| 003 - IDENTIFICADOR DE NÚMERO DE CONTROL | |
| campo de control | ES-MaACL |
| 005 - FECHA Y HORA DE LA ÚLTIMA TRANSACCIÓN | |
| campo de control | 20230906213950.0 |
| 008 - DATOS DE LONGITUD FIJA--INFORMACIÓN GENERAL | |
| campo de control de longitud fija | 080731s2007 sp a |||| | spa d |
| 080 ## - NÚMERO DE LA CLASIFICACIÓN DECIMAL UNIVERSAL | |
| Número de la Clasificación Decimal Universal | 7.036(460) |
| 080 ## - NÚMERO DE LA CLASIFICACIÓN DECIMAL UNIVERSAL | |
| Número de la Clasificación Decimal Universal | 7.092(460) |
| 111 2# - ENTRADA PRINCIPAL--NOMBRE DE CONGRESO/REUNIÓN | |
| Nombre de congreso/reunión o jurisdicción como elemento de entrada | Circuitos ( |
| Número del congreso/reunión o número de parte o sección | 18º. |
| Fecha del congreso o de la firma del tratado | 2006. |
| Sede del congreso/Lugar de la reunión | Madrid) |
| 9 (RLIN) | 138124 |
| 245 10 - MENCIÓN DEL TÍTULO | |
| Título | Circuitos de Artes Plásticas y Fotografía |
| Resto del título | : Programa de Arte Joven / |
| Mención de responsabilidad, etc. | [XVIII edición Circuitos de Artes Plásticas y Fotografía, 2006 ; textos = texts, Lorena Martínez de Corral ; traducción = translation, Tom Skipp]. |
| 260 ## - PUBLICACIÓN, DISTRIBUCIÓN, ETC. | |
| Lugar de publicación, distribución, etc. | [Madrid] : |
| Nombre del editor, distribuidor, etc. | Dirección General de Juventud, |
| Fecha de publicación, distribución, etc. | [2007] |
| 300 ## - DESCRIPCIÓN FÍSICA | |
| Extensión | 118 p. : |
| Otras características físicas | principalmente il. col. ; |
| Dimensiones | 26 cm. |
| 546 ## - NOTA DE IDIOMA | |
| Nota de lengua/lenguaje | Texto en español y traducción al inglés. |
| 650 14 - PUNTO DE ACCESO ADICIONAL DE MATERIA--TÉRMINO DE MATERIA | |
| Término de materia o nombre geográfico como elemento de entrada | Arte español- |
| Subdivisión cronológica | S.XX. |
| 9 (RLIN) | 10202 |
| 700 1# - ENTRADA AGREGADA--NOMBRE PERSONAL | |
| Nombre de persona | Martínez de Corral, Lorena. |
| 9 (RLIN) | 138125 |
| 710 1# - ENTRADA AGREGADA--NOMBRE DE ENTIDAD CORPORATIVA | |
| Nombre de entidad corporativa o nombre de jurisdicción como elemento de entrada | Madrid (Comunidad Autónoma). |
| Unidad subordinada | Dirección General de Juventud. |
| 9 (RLIN) | 5614 |
| 852 ## - LOCALIZACIÓN | |
| Ubicación | ES-MaACL |
| Número de control de estantería | L-29607 |
| Estatus retirado | Estado de pérdida | Estado de daño | No para préstamo | Biblioteca de origen | Biblioteca actual | Ubicación en estantería | Fecha de adquisición | Fuente de adquisición | Total de préstamos | Signatura topográfica completa | Código de barras | Visto por última vez | Precio de reemplazo | Tipo de ítem Koha |
|---|---|---|---|---|---|---|---|---|---|---|---|---|---|---|
| Biblioteca del Ateneo de Madrid | Biblioteca del Ateneo de Madrid | Depósito 2 | 31/07/2008 | L-29607 | 1177402 | 23/02/2023 | 23/02/2023 | Libro impreso |
